MARC

LEADER 00000naa0a2200000 4500
001 666649
005 20250818161915.0
035 |a (RuTPU)RU\TPU\network\37853 
035 |a RU\TPU\network\37816 
090 |a 666649 
100 |a 20220118d2021 k y0rusy50 ca 
101 0 |a rus 
102 |a RU 
135 |a drgn ---uucaa 
181 0 |a i  
182 0 |a b 
200 1 |a Синтетические методы получения omega-ацилированных арилгликозидов  |f Д. Л. Аветян, Е. В. Степанова 
203 |a Текст  |c электронный 
225 1 |a Химия, Подсекция Органическая химия 
300 |a Заглавие с экрана 
320 |a [Библиогр.: 4 назв.] 
338 |b Российский фонд фундаментальных исследований  |d 20-33-90041 
463 |t Ломоносов-2021  |o материалы XXVIII Международной конференции студентов, аспирантов и молодых учёных, 12-23 апреля 2021, Москва  |f Московский государственный университет им. М. В. Ломоносова (МГУ)  |v [1 с.]  |d 2021 
610 1 |a электронный ресурс 
610 1 |a труды учёных ТПУ 
610 1 |a синтетические методы 
610 1 |a арилгликозиды 
610 1 |a биологическая активность 
610 1 |a метаболиты 
610 1 |a растения 
610 1 |a лекарственные препараты 
610 1 |a химический синтез 
700 1 |a Аветян  |b Д. Л.  |c химик-технолог  |c инженер Томского политехнического университета  |f 1995-  |g Давид Людвигович  |3 (RuTPU)RU\TPU\pers\46599 
701 1 |a Степанова  |b Е. В.  |c химик  |c доцент Томского политехнического университета, кандидат химических наук  |f 1988-  |g Елена Владимировна  |3 (RuTPU)RU\TPU\pers\29588  |9 14123 
712 0 2 |a Национальный исследовательский Томский политехнический университет  |b Исследовательская школа химических и биомедицинских технологий  |c (2017- )  |3 (RuTPU)RU\TPU\col\23537 
801 2 |a RU  |b 63413507  |c 20220118  |g RCR 
856 4 |u https://lomonosov-msu.ru/archive/Lomonosov_2021/data/21993/uid568446_b361f5d62ef566ded8c67b75341a9c50f91cf718.doc 
942 |c CF